| 000 | 00647nam a2200193 u 4500 | ||
|---|---|---|---|
| 005 | 20250211063745.0 | ||
| 008 | 160928s2016 r 000 0 eng d | ||
| 035 | _aUPN01000213716 | ||
| 049 | _aSEP | ||
| 050 | 4 |
_aL227 _bA2 2016 |
|
| 110 | 1 |
_aMéxico. _bSecretaría de Educación Pública |
|
| 245 | 1 | 0 |
_a4to. informe de labores : _b2015-2016 / _cSecretaría de Educación Pública. |
| 260 |
_aMéxico : _bSEP, _c2016. |
||
| 300 |
_a219 p. : _bil. col., mapas, cuadros, gráfs. |
||
| 610 | 1 | 4 |
_aMéxico. _bSecretaría de Educación Pública _vInformes _95954 |
| 650 | 4 |
_aEducación y Estado _zMéxico _9476 |
|
| 905 | _aLibro | ||
| 999 |
_c185816 _d185816 |
||